Hospital PFI rejuvenates Balfour Beatty (Record no. 79039)

MARC details
000 -LEADER
fixed length control field 00895cab a22001935a 4500
001 - CONTROL NUMBER
control field L139285
008 - FIXED-LENGTH DATA ELEMENTS--GENERAL INFORMATION
fixed length control field 070724e20070718xxk f 000 0 eng d
035 ## - SYSTEM CONTROL NUMBER
System control number (Sirsi) u139285
041 0# - LANGUAGE CODE
Language code of text/sound track or separate title eng
110 ## - MAIN ENTRY--CORPORATE NAME
Corporate name or jurisdiction name as entry element Barbour ABI
9 (RLIN) 4945
245 00 - TITLE STATEMENT
Title Hospital PFI rejuvenates Balfour Beatty
260 ## - PUBLICATION, DISTRIBUTION, ETC.
Date of publication, distribution, etc. 2007
490 #0 - SERIES STATEMENT
Series statement Contract Journal
Volume/sequential designation 439(6634) 18 July 2007, 8-9(2)
520 ## - SUMMARY, ETC.
Summary, etc. Balfour Beatty topped the new work winners monthly league table for June 2007, with Kier in second place and Laing O'Rourke in third. Balfour Beatty remained at the top of the new work winners table for the past 12 months. Total construction orders increased to £2.86bn in June, driven by other public non-housing work, as well as healthy orders in the civils and private commercial sectors.
590 ## - LOCAL NOTE (RLIN)
Local note KA
651 #4 - SUBJECT ADDED ENTRY--GEOGRAPHIC NAME
Geographic name Great Britain
Chronological subdivision 1707-
690 ## - LOCAL SUBJECT ADDED ENTRY--TOPICAL TERM (OCLC, RLIN)
Topical term or geographic name as entry element BUILT ENVIRONMENT-CONSTRUCTION MARKET
942 ## - ADDED ENTRY ELEMENTS (KOHA)
Suppress in OPAC 0
Holdings
Withdrawn status Lost status Source of classification or shelving scheme Damaged status Not for loan Home library Current library Shelving location Date acquired Total Checkouts Full call number Barcode Date last seen Copy number Price effective from Koha item type
    Dewey Decimal Classification     London London Journal article 24/07/2007   L139285 139285-1001 06/08/2019 1 06/08/2019 Journal article